000 00477nam a2200181Ia 4500
008 230711s9999||||xx |||||||||||||| ||und||
020 _a978-1-107-66639-9
041 _aENG
082 _a25.04
_bMA-I
100 _aManning,Christopher D
245 0 _aIntroduction to Information Retrieval
250 _a1st Ed.
260 _c2008
_aNew Delhi
_bCambridge University Press
300 _a482p.
650 _aComputer Engineering
700 _aRaghavan,Prabhakar
942 _cBK
999 _c6546
_d6546